La Patria de Cervantes (Record no. 5131)
[ view plain ]
| 000 -LEADER | |
|---|---|
| campo de control de longitud fija | 00734npm a2200229 4500 |
| 001 - NÚMERO DE CONTROL | |
| campo de control | 5131 |
| 003 - IDENTIFICADOR DE NÚMERO DE CONTROL | |
| campo de control | ES-MaACL |
| 005 - FECHA Y HORA DE LA ÚLTIMA TRANSACCIÓN | |
| campo de control | 20230908151941.0 |
| 007 - CAMPO FIJO DE DESCRIPCIÓN FÍSICA--INFORMACIÓN GENERAL | |
| campo de control de longitud fija | hzrazu bucu |
| 008 - DATOS DE LONGITUD FIJA--INFORMACIÓN GENERAL | |
| campo de control de longitud fija | 891031r19891901sp a a 00010 spa d |
| 080 ## - NÚMERO DE LA CLASIFICACIÓN DECIMAL UNIVERSAL | |
| Número de la Clasificación Decimal Universal | 8(05)(464.1) |
| 080 ## - NÚMERO DE LA CLASIFICACIÓN DECIMAL UNIVERSAL | |
| Número de la Clasificación Decimal Universal | 86(05)(464.1) |
| 080 ## - NÚMERO DE LA CLASIFICACIÓN DECIMAL UNIVERSAL | |
| Número de la Clasificación Decimal Universal | 05(46) |
| 245 03 - MENCIÓN DEL TÍTULO | |
| Título | La Patria de Cervantes |
| Resto del título | : [Microforma]. |
| 260 ## - PUBLICACIÓN, DISTRIBUCIÓN, ETC. | |
| Lugar de publicación, distribución, etc. | Madrid : |
| Nombre del editor, distribuidor, etc. | Ateneo Cientifico, Literario y Artistico, |
| Fecha de publicación, distribución, etc. | 1989. |
| 300 ## - DESCRIPCIÓN FÍSICA | |
| Extensión | 1 carrete de microfilme : |
| Otras características físicas | negativo, il. ; |
| Dimensiones | 16 mm. |
| 500 ## - NOTA GENERAL | |
| Nota general | Publicado originalmente: Madrid, Bailly-Bailliere, 1901-1902, periodicidad mensual. |
| 505 8# - NOTA DE CONTENIDO CON FORMATO | |
| Nota de contenido con formato | Carrete n. 1: 1901 y 1902 |
| 852 ## - LOCALIZACIÓN | |
| Ubicación | ES-MaACL |
| Número de control de estantería | MC-1 |
| itemnumber | 5248 |
| Ubicación en estantería | Depósito 1 |
| 942 ## - ELEMENTOS DE ENTRADA SECUNDARIOS (KOHA) | |
| Fuente del sistema de clasificación o colocación | Clasificación decimal universal |
| Tipo de ítem Koha | Microforma |
| Estatus retirado | Estado de pérdida | Estado de daño | No para préstamo | Biblioteca de origen | Biblioteca actual | Ubicación en estantería | Fecha de adquisición | Fuente de adquisición | Total de préstamos | Signatura topográfica completa | Código de barras | Visto por última vez | Precio de reemplazo | Tipo de ítem Koha |
|---|---|---|---|---|---|---|---|---|---|---|---|---|---|---|
| Biblioteca del Ateneo de Madrid | Biblioteca del Ateneo de Madrid | Depósito 1 | 17/01/2008 | MC-1 | 1005194 | 23/02/2023 | 23/02/2023 | Microforma |
